Statistiques concernant SPOILER Personnages morts dans Games of Thrones

Cliquez ici pour prendre le quiz!

Statistiques générales

  • Ce quiz a été pris 3 566 fois
    (3 139 depuis la dernière actualisation)
  • Le résultat moyen est 23 sur 52

Statistiques - réponses

Réponse% Correct
Eddard Stark
96%
Robert Baratheon
92%
Drogo
82%
Viserys Targaryen
81%
Robb Stark
78%
Joffrey Baratheon
72%
Catelyn Stark
66%
Cersei et Jaime Lannister
65%
Daenerys Targaryen
64%
Renly Baratheon
64%
Oberyn Martell
62%
Gregor Clegane "La Montagne"
56%
Stannis Baratheon
56%
Tywin Lannister
56%
Sandor Clegane "Le Limier"
55%
Theon Greyjoy
53%
Le Roi de la Nuit
50%
Tommen Baratheon
50%
Ramsay Bolton
49%
Lysa Arryn
47%
Myrcella Baratheon
47%
Mélisandre
45%
Varys
45%
Mestre Aemon
43%
Jorah Mormont
42%
Ygrid
42%
Shae
39%
Olenna Tyrell
38%
Loras Tyrell
37%
Margaery Tyrell
36%
Petyr Baelish "Littlefinger"
36%
Missandei
35%
Walder Frey
34%
Rickon Stark
32%
Ser Barristan Selmy
31%
Shireen Baratheon
30%
Talisa Stark
30%
Balon Greyjoy
28%
Euron Greyjoy
27%
Lyanna Mormont
27%
Mestre Luwin
27%
Jeor Mormont
26%
Hodor
23%
Meryn Trant
23%
Roose Bolton
23%
Osha
20%
Olly
18%
Qyburn
17%
Alliser Thorne
15%
Mace Tyrell
15%
Selyse Baratheon
15%
Kevan Lannister
9%

Distribution des résultats

Percentile par nombre de réponses

% des personnes avec chaque résultat

Votre développement - résultats

Vous n’avez pas pris ce quiz depuis la dernière actualisation